Central Library OPAC University of Rajshahi

بساط رقص ;; Bisāt̤-i raqṣ / (Record no. 84904)

MARC details
000 -LEADER
fixed length control field 00767nam a22002537a 4500
001 - CONTROL NUMBER
control field 84904
003 - CONTROL NUMBER IDENTIFIER
rucl marc code BD-RjUL
005 - DATE AND TIME OF LATEST TRANSACTION
control field 20250507163016.0
008 - FIXED-LENGTH DATA ELEMENTS--GENERAL INFORMATION
fixed length control field 250507s1976 ii 000 0 urd
020 ## - INTERNATIONAL STANDARD BOOK NUMBER
Terms of availability Rs25.00
035 ## - SYSTEM CONTROL NUMBER
System control number (BD-RjUL) 84904
040 ## - CATALOGING SOURCE
Original cataloging agency DLC
Transcribing agency DLC
Modifying agency DLC
Language of cataloging eng
041 ## - LANGUAGE CODE
Language code of text/sound track or separate title eng
082 ## - DEWEY DECIMAL CLASSIFICATION NUMBER
Edition number 23
Classification number 891.4391
Author mark and year MUB 1976
100 1# - MAIN ENTRY--PERSONAL NAME
Personal name محى الدىن، مخدوم ;; Muḥīuddīn, Mak̲h̲dūm,
Dates associated with a name 1908-1969.
9 (RLIN) 15425
245 10 - TITLE STATEMENT
Title بساط رقص ;; Bisāt̤-i raqṣ /
Statement of responsibility, etc. :مخدوم محى الدىن ;; Mak̲h̲dūm Muḥīuddīn.
250 ## - EDITION STATEMENT
Edition statement 2. aiḍīshan.
260 ## - PUBLICATION, DISTRIBUTION, ETC. (IMPRINT)
Place of publication, distribution, etc. Ḥaidarābād :
Name of publisher, distributor, etc. ادبی ٹرسٹ,
Date of publication, distribution, etc. 1976.
300 ## - PHYSICAL DESCRIPTION
Pagination 260 p. ;
Size 23 cm.
500 ## - GENERAL NOTE
General note Poems.
General note In Urdu.
650 ## - SUBJECT ADDED ENTRY--TOPICAL TERM
Topical term or geographic name as entry element Poems
942 ## - ADDED ENTRY ELEMENTS (KOHA)
Source of classification or shelving scheme Dewey Decimal Classification
Koha item type Books
Holdings
Lost status Source of classification or shelving scheme Damaged status Not for loan Collection code Permanent Location Current Location Shelving location Date acquired Source of acquisition Full call number Date last seen Copy number Koha item type
  Dewey Decimal Classification   Not For Loan Non-fiction Central Library, University of Rajshahi Central Library, University of Rajshahi Reading Room 25/03/1980 India International U 891.4391 MUB 1976 07/05/2025 C-1 Books